[Event "EU-chT Seniors 65"]
[Site "Swidnica"]
[Date "2023.07.20"]
[Round "9.1"]
[White "Kolbak, Jens"]
[Black "Ftacnik, Lubomir"]
[Result "1/2-1/2"]
[WhiteElo "2148"]
[BlackElo "2457"]
[PlyCount "49"]
[EventDate "2023.07.12"]
[EventType "team-swiss"]
[EventRounds "9"]
[EventCountry "POL"]
[SourceTitle "CBM 215 Extra"]
[Source "ChessBase"]
[SourceDate "2023.09.30"]
[SourceVersion "1"]
[SourceVersionDate "2023.09.30"]
[SourceQuality "1"]
[WhiteTeam "Denmark 65"]
[BlackTeam "Slovakia 65"]
[WhiteTeamCountry "DEN"]
[BlackTeamCountry "SVK"]

1. Nf3 c5 2. c4 Nc6 3. Nc3 Nf6 4. e3 e5 5. d4 e4 6. Ng5 cxd4 7. exd4 Bb4 8. d5 Ne5 9. Bf4 Qe7 10. Qd4 d6 11. 0-0-0 Nd3+ 12. Bxd3 Bc5 13. Qxc5 dxc5 14. d6 Qd8 15. Ngxe4 Nxe4 16. Bxe4 0-0 17. Nd5 Bd7 18. Rhe1 Rb8 19. Kb1 Kh8 20. Nc7 Qf6 21. Bg3 Bf5 22. Ka1 Bxe4 23. Rxe4 Rbd8 24. a3 Qf5 25. Rde1 1/2-1/2

[Event "DEN-ch Seniors"]
[Site "Aalborg"]
[Date "2023.02.19"]
[Round "3"]
[White "Kolbak, Jens"]
[Black "Falberg, Hugo"]
[Result "1-0"]
[WhiteElo "2134"]
[BlackElo "1902"]
[PlyCount "73"]
[EventDate "2023.02.19"]
[EventType "swiss"]
[EventRounds "7"]
[EventCountry "DEN"]
[SourceTitle "CBM 213 Extra"]
[Source "ChessBase"]
[SourceDate "2023.05.31"]
[SourceVersion "1"]
[SourceVersionDate "2023.05.31"]
[SourceQuality "1"]

1. e4 e5 2. Nf3 Nc6 3. Bb5 a6 4. Ba4 Nf6 5. 0-0 Be7 6. Re1 b5 7. Bb3 d6 8. c3 0-0 9. h3 Na5 10. Bc2 c5 11. d4 Qc7 12. Nbd2 cxd4 13. cxd4 Bb7 14. Nf1 Rac8 15. Bd3 Rfe8 16. Ng3 h6 17. d5 Nc4 18. b3 Nb6 19. Be3 Nbd7 20. a4 bxa4 21. Rxa4 Ra8 22. Qa1 Reb8 23. Rc1 Qd8 24. Bxa6 Bxa6 25. Rxa6 Ne8 26. Rxa8 Rxa8 27. Qc3 Nb6 28. Rb1 Qb8 29. Qc6 Ra6 30. Rc1 Kf8 31. Nd2 Bd8 32. Nc4 Nxc4 33. Qxa6 Nxe3 34. Rc8 Qxb3 35. Rxd8 Ke7 36. Qc8 Qd1+ 37. Kh2 1-0

[Event "DEN-ch Seniors"]
[Site "Aalborg"]
[Date "2023.02.19"]
[Round "4"]
[White "Pedersen, Karsten Nymann"]
[Black "Kolbak, Jens"]
[Result "1-0"]
[WhiteElo "2057"]
[BlackElo "2134"]
[PlyCount "47"]
[EventDate "2023.02.19"]
[EventType "swiss"]
[EventRounds "7"]
[EventCountry "DEN"]
[SourceTitle "CBM 213 Extra"]
[Source "ChessBase"]
[SourceDate "2023.05.31"]
[SourceVersion "1"]
[SourceVersionDate "2023.05.31"]
[SourceQuality "1"]

1. d4 d5 2. g3 c5 3. Nf3 e6 4. Bg2 Nf6 5. 0-0 Nc6 6. c4 Be7 7. Bf4 0-0 8. Nc3 dxc4 9. dxc5 Bxc5 10. Qa4 Bd7 11. Qxc4 Qe7 12. Na4 Bd6 13. Bxd6 Qxd6 14. Nc3 Rfd8 15. Rfd1 Qe7 16. Qh4 Rac8 17. Ng5 h6 18. Nge4 Nxe4 19. Qxe7 Nxe7 20. Nxe4 Bb5 21. Nd6 Bxe2 22. Nxc8 Bxd1 23. Nxe7+ Kf8 24. Nd5 1-0

[Event "DEN-ch Seniors 65"]
[Site "Aalborg"]
[Date "2022.02.23"]
[Round "4"]
[White "Jorgensen, Jorgen"]
[Black "Kolbak, Jens"]
[Result "0-1"]
[WhiteElo "2167"]
[BlackElo "2163"]
[PlyCount "74"]
[EventDate "2022.02.20"]
[EventType "swiss"]
[EventRounds "7"]
[EventCountry "DEN"]
[SourceTitle "EXT 2024"]
[Source "ChessBase"]
[SourceDate "2023.10.10"]
[SourceVersion "1"]
[SourceVersionDate "2023.10.10"]
[SourceQuality "1"]

1. f4 d5 2. Nf3 g6 3. g3 Bg7 4. Bg2 Nf6 5. c3 0-0 6. 0-0 c5 7. d3 Nc6 8. Na3 Rb8 9. Nh4 b5 10. f5 Ne5 11. Nc2 Bb7 12. Bf4 Nh5 13. Be3 Rc8 14. Bh3 Rc6 15. Nf3 Nxf3+ 16. Rxf3 d4 17. Bd2 Rd6 18. Rf2 a5 19. cxd4 cxd4 20. Rc1 b4 21. Ne1 Qb6 22. Bg2 Nf6 23. Bf4 Rd7 24. Bh3 gxf5 25. Bxf5 e6 26. Bh3 Nd5 27. Qa4 Rdd8 28. Bg5 Rc8 29. Rxc8 Bxc8 30. Bg2 Bb7 31. Qd7 Qc6 32. Qxc6 Bxc6 33. Nc2 Rc8 34. e4 dxe3 35. Nxe3 Bd4 36. Rc2 Nxe3 37. Rxc6 Nd5+ 0-1

[Event "DEN-ch Seniors 65"]
[Site "Aalborg"]
[Date "2022.02.22"]
[Round "3"]
[White "Kolbak, Jens"]
[Black "Davidsen, Niels Chr"]
[Result "1-0"]
[WhiteElo "2163"]
[BlackElo "1937"]
[PlyCount "105"]
[EventDate "2022.02.20"]
[EventType "swiss"]
[EventRounds "7"]
[EventCountry "DEN"]
[SourceTitle "EXT 2024"]
[Source "ChessBase"]
[SourceDate "2023.10.10"]
[SourceVersion "1"]
[SourceVersionDate "2023.10.10"]
[SourceQuality "1"]

1. d4 f5 2. Nf3 Nf6 3. g3 e6 4. Bg2 d5 5. 0-0 Bd6 6. c4 c6 7. b3 0-0 8. Ba3 Ne4 9. Qc2 Nd7 10. Bxd6 Nxd6 11. Nbd2 Qf6 12. e3 Ne4 13. Rad1 g5 14. Qb2 Qg7 15. Ne5 Nxd2 16. Rxd2 Nxe5 17. dxe5 f4 18. exf4 gxf4 19. Rd3 Bd7 20. gxf4 Rxf4 21. Rg3 Rg4 22. Bh3 Rg5 23. Kh1 Rxg3 24. hxg3 Rf8 25. Kg2 b6 26. Qe2 Kh8 27. cxd5 cxd5 28. Rc1 Bc8 29. Qe3 Qd7 30. Rd1 Qc6 31. Rd4 Qd7 32. Bg4 Qg7 33. a4 Qg6 34. Be2 Bb7 35. Bd3 Qg7 36. Kh2 Qf7 37. Rf4 Qg7 38. Rh4 Rf7 39. Kg1 Qf8 40. Qg5 Qg8 41. Qh6 Bc8 42. Kg2 Qg7 43. Qe3 Qf8 44. b4 Bb7 45. Qd4 Bc6 46. a5 bxa5 47. bxa5 Qa3 48. a6 Qa5 49. Rf4 Rxf4 50. Qxf4 Qd8 51. Qf7 Qg8 52. Qxa7 h6 53. Qc7 1-0

[Event "DEN-chB"]
[Site "Svendborg"]
[Date "2021.10.24"]
[Round "7"]
[White "Koch Mueller, Oscar"]
[Black "Kolbak, Jens"]
[Result "0-1"]
[WhiteElo "1952"]
[BlackElo "2177"]
[PlyCount "112"]
[EventDate "2021.10.18"]
[EventType "swiss"]
[EventRounds "7"]
[EventCountry "DEN"]
[SourceTitle "EXT 2023"]
[Source "ChessBase"]
[SourceDate "2022.10.05"]
[SourceVersion "1"]
[SourceVersionDate "2022.10.05"]
[SourceQuality "1"]

1. d4 Nf6 2. c4 e6 3. Nc3 d5 4. cxd5 exd5 5. Bg5 Be7 6. e3 Nbd7 7. Bd3 c6 8. Qc2 h6 9. Bh4 0-0 10. Nf3 Re8 11. 0-0 Ne4 12. Bxe7 Qxe7 13. b4 Ndf6 14. b5 Bd7 15. bxc6 Bxc6 16. Rfc1 Nxc3 17. Qxc3 Ne4 18. Bxe4 dxe4 19. Ne5 Bd5 20. Qc7 Qe6 21. a3 Kh7 22. h3 h5 23. Qd7 f6 24. Qxe6 Rxe6 25. Rc5 Rd8 26. Nc4 Rd7 27. Rb1 Re8 28. Nd2 b6 29. Rc3 g5 30. Rbc1 Ree7 31. g3 Kg6 32. Rc8 Bb7 33. R8c4 h4 34. Nb1 hxg3 35. fxg3 f5 36. Nc3 f4 37. gxf4 gxf4 38. exf4 Kf5 39. Nb5 a6 40. Nc3 e3 41. Kf1 Kxf4 42. d5+ Kg3 43. Ne2+ Kh2 44. R1c2 Bxd5 45. Rg4 Bf3 46. Rd4 Kxh3 47. Rcc4 Rxd4 48. Rxd4 Bg4 49. Rd6 Rf7+ 50. Ke1 Kg2 51. Kd1 Kf2 52. a4 Bxe2+ 53. Kc2 Bf3 54. a5 bxa5 55. Kb3 e2 56. Rd2 Ke3 0-1

[Event "DEN-chB"]
[Site "Svendborg"]
[Date "2021.10.20"]
[Round "3"]
[White "Kolbak, Jens"]
[Black "Nilssen, Ellen Fredericia"]
[Result "1/2-1/2"]
[WhiteElo "2177"]
[BlackElo "2081"]
[PlyCount "82"]
[EventDate "2021.10.18"]
[EventType "swiss"]
[EventRounds "7"]
[EventCountry "DEN"]
[SourceTitle "EXT 2023"]
[Source "ChessBase"]
[SourceDate "2022.10.05"]
[SourceVersion "1"]
[SourceVersionDate "2022.10.05"]
[SourceQuality "1"]

1. d4 Nf6 2. c4 g6 3. Nc3 d5 4. cxd5 Nxd5 5. e4 Nxc3 6. bxc3 Bg7 7. Bc4 c5 8. Ne2 0-0 9. 0-0 Nc6 10. Be3 Qc7 11. Rc1 Rd8 12. Qd2 Ne5 13. Bb3 Ng4 14. Bf4 e5 15. Bg3 Qb6 16. Rb1 Qa5 17. h3 Nh6 18. Bxe5 Bxe5 19. Qxh6 Bg7 20. Qf4 Rf8 21. Bd5 Be6 22. Bxb7 Rab8 23. d5 Bd7 24. Rfe1 Rfe8 25. Bc6 Rxb1 26. Rxb1 Be5 27. Qd2 Bxc6 28. dxc6 Rd8 29. Qc2 Qa6 30. f4 Bc7 31. e5 Qxc6 32. Rf1 Qd5 33. c4 Qd2 34. Qxd2 Rxd2 35. Nc3 Rc2 36. Nd5 Bd8 37. Rf2 Rxc4 38. Rd2 Ba5 39. Rb2 Kg7 40. Kf2 Rd4 41. Rb5 Rd2+ 1/2-1/2

[Event "EUR-chT Seniors 65"]
[Site "Prague"]
[Date "2021.09.03"]
[Round "5.1"]
[White "Kolbak, Jens"]
[Black "Pribyl, Josef"]
[Result "0-1"]
[WhiteElo "2169"]
[BlackElo "2226"]
[PlyCount "116"]
[EventDate "2021.08.30"]
[EventType "team-swiss"]
[EventRounds "9"]
[EventCountry "CZE"]
[SourceTitle "CBM 204 Extra"]
[Source "ChessBase"]
[SourceDate "2021.11.30"]
[SourceVersion "1"]
[SourceVersionDate "2021.11.30"]
[SourceQuality "1"]
[WhiteTeam "Denmark SK 2012"]
[BlackTeam "Praha Chess Akademia 65"]
[WhiteTeamCountry "DEN"]
[BlackTeamCountry "CZE"]

1. c4 e5 2. Nc3 Nc6 3. Nf3 Nf6 4. a3 d5 5. cxd5 Nxd5 6. e3 Nxc3 7. bxc3 e4 8. Nd4 Ne5 9. f4 exf3 10. Nxf3 Nd3+ 11. Bxd3 Qxd3 12. Qe2 Bf5 13. Qxd3 Bxd3 14. Ne5 Ba6 15. d4 Bd6 16. Nf3 f5 17. Kf2 0-0 18. Bb2 Rae8 19. Rhe1 Re6 20. Rac1 b6 21. c4 c5 22. g3 h6 23. Nd2 Rfe8 24. d5 R6e7 25. a4 Bc8 26. Ra1 Bd7 27. Ra3 g5 28. Rg1 Kf7 29. Re1 Kg6 30. Nf3 f4 31. gxf4 gxf4 32. Bc1 Bg4 33. exf4 Rxe1 34. Nxe1 Re2+ 35. Kf1 Rxh2 36. Be3 Kf5 37. Kg1 Re2 38. Bf2 Bxf4 39. Ng2 Bc1 40. Rd3 Ke4 41. Rg3 h5 42. a5 Rc2 43. axb6 axb6 44. Rb3 Rb2 45. Rg3 Bd2 46. Ra3 Bg5 47. Ra8 Kd3 48. d6 Rb1+ 49. Kh2 Kxc4 50. Rg8 Rb2 51. Kg1 Bc1 52. Rg7 Kb5 53. Ne3 Bxe3 54. Bxe3 Rb4 55. Kf2 Kc6 56. Rg6 Rb3 57. Bg5 Bd7 58. Bf4 h4 0-1

[Event "EUR-chT Seniors 65"]
[Site "Prague"]
[Date "2021.08.31"]
[Round "2.1"]
[White "Chevelevitch, Evgueni"]
[Black "Kolbak, Jens"]
[Result "1/2-1/2"]
[WhiteElo "2386"]
[BlackElo "2169"]
[PlyCount "133"]
[EventDate "2021.08.30"]
[EventType "team-swiss"]
[EventRounds "9"]
[EventCountry "CZE"]
[SourceTitle "CBM 204 Extra"]
[Source "ChessBase"]
[SourceDate "2021.11.30"]
[SourceVersion "1"]
[SourceVersionDate "2021.11.30"]
[SourceQuality "1"]
[WhiteTeam "Germany 65"]
[BlackTeam "Denmark SK 2012"]
[WhiteTeamCountry "GER"]
[BlackTeamCountry "DEN"]

1. e4 e5 2. Nf3 Nc6 3. Bb5 a6 4. Ba4 d6 5. c3 Nf6 6. d4 Bd7 7. 0-0 Be7 8. Re1 0-0 9. Nbd2 Re8 10. Nf1 Bf8 11. Ng3 g6 12. h3 Bg7 13. a3 b5 14. Bc2 a5 15. a4 Na7 16. axb5 Nxb5 17. dxe5 dxe5 18. Be3 Nd6 19. Ba4 Nc4 20. Bc1 Nb6 21. Bb3 a4 22. Ba2 Be6 23. Qe2 Bxa2 24. Rxa2 Qd7 25. Be3 Qc6 26. Nd2 Nfd7 27. Rea1 Bf8 28. Ngf1 Nc5 29. f3 Ne6 30. Kh1 Red8 31. Bxb6 Qxb6 32. Nc4 Qb5 33. Nfe3 Bc5 34. Ng4 Bd6 35. b4 Nf4 36. Qf1 Qc6 37. Ra3 Nh5 38. Kh2 f6 39. Nb2 f5 40. Nf2 Kg7 41. Qc4 Qb6 42. Nbd3 Qe3 43. Rxa4 Rac8 44. Re1 Qg5 45. Kg1 Re8 46. Ra2 Re7 47. Qc6 Nf6 48. c4 Ree8 49. c5 Bf8 50. exf5 Qxf5 51. Rae2 Re6 52. Qb7 Rce8 53. Qxc7+ R8e7 54. Qb8 Re8 55. Qa7+ R8e7 56. Qa2 e4 57. fxe4 Nxe4 58. Nxe4 Rxe4 59. Rxe4 Rxe4 60. Qa7+ Kh6 61. Rxe4 Qxe4 62. Qd7 Bg7 63. Qg4 Bd4+ 64. Kh2 Qxd3 65. Qh4+ Kg7 66. Qe7+ Kh6 67. Qh4+ 1/2-1/2

[Event "DEN-ch Seniors 65+"]
[Site "Logumkloster"]
[Date "2021.05.31"]
[Round "2"]
[White "Mortensen, Steen Juul"]
[Black "Kolbak, Jens"]
[Result "0-1"]
[WhiteElo "1952"]
[BlackElo "2141"]
[PlyCount "78"]
[EventDate "2021.05.30"]
[EventType "swiss"]
[EventRounds "7"]
[EventCountry "DEN"]
[SourceTitle "CBM 203 Extra"]
[Source "ChessBase"]
[SourceDate "2021.09.30"]
[SourceVersion "1"]
[SourceVersionDate "2021.09.30"]
[SourceQuality "1"]

1. d4 d5 2. c4 c6 3. Nf3 Nf6 4. Nc3 dxc4 5. a4 Bf5 6. Ne5 e6 7. f3 Nbd7 8. Nxc4 Bb4 9. Bg5 h6 10. Bh4 g5 11. Bg3 0-0 12. e4 Bg6 13. Bd6 Bxd6 14. Nxd6 Qb6 15. Nc4 Qb4 16. Ra3 Rab8 17. Be2 Rfd8 18. 0-0 e5 19. Kh1 exd4 20. Qxd4 Nb6 21. Qxf6 Nxc4 22. Bxc4 Qxc4 23. Raa1 Qd4 24. Qxd4 Rxd4 25. Rfd1 Rbd8 26. Rxd4 Rxd4 27. Rd1 Rb4 28. Rd2 Kf8 29. Kg1 Ke7 30. Kf2 a5 31. g3 f6 32. Ke2 g4 33. Ke3 gxf3 34. Kxf3 Ke6 35. h3 Ke5 36. Re2 Bf7 37. Rd2 Bb3 38. Rd7 Be6 39. Rd2 Bxh3 0-1

[Event "DEN-ch Seniors 65"]
[Site "Logumkloster"]
[Date "2020.02.10"]
[Round "2"]
[White "Kolbak, Jens"]
[Black "Fjordside, Arne Dan"]
[Result "1-0"]
[WhiteElo "2127"]
[BlackElo "1782"]
[PlyCount "61"]
[EventDate "2020.02.09"]
[EventType "swiss"]
[EventRounds "7"]
[EventCountry "DEN"]
[SourceTitle "EXT 2021"]
[Source "ChessBase"]
[SourceDate "2020.10.23"]
[SourceVersion "1"]
[SourceVersionDate "2020.10.23"]
[SourceQuality "1"]

1. d4 Nf6 2. c4 e6 3. Nc3 d5 4. Nf3 Be7 5. Bf4 a6 6. e3 0-0 7. cxd5 exd5 8. Bd3 Nbd7 9. 0-0 Re8 10. Rc1 Nf8 11. Qc2 c6 12. h3 Ne6 13. Be5 g6 14. Rfd1 Ng7 15. Na4 Bd6 16. Qb3 Bxe5 17. Nxe5 Qe7 18. Nc5 Ne6 19. a4 Nxc5 20. Rxc5 Nd7 21. Nxd7 Bxd7 22. Qxb7 Rab8 23. Qxa6 Qg5 24. Rc2 Bxh3 25. Bf1 Rb3 26. Rdd2 Bxg2 27. Bxg2 Rexe3 28. fxe3 Qxe3+ 29. Rf2 Qxd4 30. Rce2 Rb8 31. Qxc6 1-0

[Event "DEN-ch Seniors 65"]
[Site "Logumkloster"]
[Date "2020.02.09"]
[Round "1"]
[White "Wang, Peter"]
[Black "Kolbak, Jens"]
[Result "1/2-1/2"]
[WhiteElo "1881"]
[BlackElo "2127"]
[PlyCount "66"]
[EventDate "2020.02.09"]
[EventType "swiss"]
[EventRounds "7"]
[EventCountry "DEN"]
[SourceTitle "EXT 2021"]
[Source "ChessBase"]
[SourceDate "2020.10.23"]
[SourceVersion "1"]
[SourceVersionDate "2020.10.23"]
[SourceQuality "1"]

1. e4 e5 2. Bc4 Nc6 3. c3 Nf6 4. Qe2 Be7 5. d3 0-0 6. Nf3 d6 7. Bb3 Be6 8. Bc2 a5 9. a4 Nd7 10. Nbd2 Kh8 11. Nf1 f5 12. Ne3 f4 13. Nd5 Bf6 14. Bd2 Bxd5 15. exd5 Ne7 16. d4 g6 17. Be4 Nf5 18. Qd3 Bg7 19. Kf1 Nh4 20. g3 Nxf3 21. Bxf3 Qf6 22. Kg2 exd4 23. cxd4 Qxd4 24. Qxd4 Bxd4 25. Bxf4 Nc5 26. Ra2 Kg7 27. Rd1 Bf6 28. Be3 b6 29. Rb1 Na6 30. b3 Nb4 31. Rd2 Rae8 32. Rc1 Re7 33. Be2 g5 1/2-1/2

[Event "Wch Seniors 65 29th"]
[Site "Bucharest"]
[Date "2019.11.20"]
[Round "8"]
[White "Dumitrascu, Cornel"]
[Black "Kolbak, Jens"]
[Result "1/2-1/2"]
[WhiteElo "1985"]
[BlackElo "2166"]
[PlyCount "60"]
[EventDate "2019.11.12"]
[EventType "swiss"]
[EventRounds "11"]
[EventCountry "ROU"]
[SourceTitle "CBM 193 Extra"]
[Source "ChessBase"]
[SourceDate "2020.01.31"]
[SourceVersion "1"]
[SourceVersionDate "2020.01.31"]
[SourceQuality "1"]

1. d4 Nf6 2. c4 e6 3. Nf3 d5 4. Nc3 Be7 5. Bg5 c6 6. e3 Nbd7 7. Rc1 Nh5 8. Bxe7 Qxe7 9. Be2 Nhf6 10. 0-0 0-0 11. cxd5 exd5 12. Qc2 Re8 13. Rb1 Nb6 14. b3 Bg4 15. Ne5 Bxe2 16. Nxe2 Ne4 17. Nd3 Nc8 18. Nc5 Ncd6 19. Nxe4 Nxe4 20. Ng3 Qb4 21. Rfc1 Qd6 22. b4 a6 23. a4 g6 24. Nxe4 Rxe4 25. b5 cxb5 26. axb5 Re6 27. bxa6 bxa6 28. Qa2 Re7 29. Rc5 Rd7 30. g3 Qe6 1/2-1/2

[Event "Wch Seniors 65 29th"]
[Site "Bucharest"]
[Date "2019.11.14"]
[Round "3"]
[White "Kolbak, Jens"]
[Black "Ladisic, Alex Sacha"]
[Result "1/2-1/2"]
[WhiteElo "2166"]
[BlackElo "1972"]
[PlyCount "43"]
[EventDate "2019.11.12"]
[EventType "swiss"]
[EventRounds "11"]
[EventCountry "ROU"]
[SourceTitle "CBM 193 Extra"]
[Source "ChessBase"]
[SourceDate "2020.01.31"]
[SourceVersion "1"]
[SourceVersionDate "2020.01.31"]
[SourceQuality "1"]

1. e4 e5 2. Nf3 Nc6 3. Bb5 a6 4. Ba4 Nf6 5. Nc3 b5 6. Bb3 Be7 7. 0-0 0-0 8. Re1 d6 9. Nd5 Na5 10. Nxe7+ Qxe7 11. d3 h6 12. h3 Nxb3 13. axb3 c5 14. Bd2 Nh7 15. b4 Ng5 16. Nxg5 hxg5 17. Re3 f6 18. Qh5 Qf7 19. Qe2 Be6 20. bxc5 dxc5 21. b4 c4 22. dxc4 1/2-1/2

[Event "Wch Seniors 65 29th"]
[Site "Bucharest"]
[Date "2019.11.13"]
[Round "2"]
[White "Thjomoe, Hans Richard"]
[Black "Kolbak, Jens"]
[Result "1/2-1/2"]
[WhiteElo "1870"]
[BlackElo "2166"]
[PlyCount "108"]
[EventDate "2019.11.12"]
[EventType "swiss"]
[EventRounds "11"]
[EventCountry "ROU"]
[SourceTitle "CBM 193 Extra"]
[Source "ChessBase"]
[SourceDate "2020.01.31"]
[SourceVersion "1"]
[SourceVersionDate "2020.01.31"]
[SourceQuality "1"]

1. e4 e5 2. Nf3 Nc6 3. d4 exd4 4. Nxd4 Nf6 5. Nxc6 bxc6 6. Bd3 d6 7. Nc3 Be7 8. Bf4 0-0 9. 0-0 Rb8 10. Rb1 Be6 11. b3 d5 12. e5 Nd7 13. Qf3 Nc5 14. Rbd1 Nxd3 15. Rxd3 Bf5 16. Rd2 Qc8 17. Qg3 Qe6 18. Na4 c5 19. Bg5 c6 20. Bxe7 Qxe7 21. Qc3 Rb5 22. Nb2 Rb4 23. Re1 Rfb8 24. Rde2 c4 25. Nd1 cxb3 26. cxb3 c5 27. Ne3 Be6 28. Qd3 Qd7 29. Rc1 Qb5 30. Qxb5 R4xb5 31. Rec2 Rc8 32. h3 f6 33. exf6 gxf6 34. g4 Kf7 35. f4 d4 36. Nc4 Rc6 37. Kf2 Ke7 38. Re1 Kd7 39. f5 Bxc4 40. Rxc4 Rb4 41. Rec1 Rxc4 42. Rxc4 Ra6 43. Rc2 Kd6 44. Ke2 Kd5 45. Kd3 Ra3 46. h4 h6 47. g5 fxg5 48. hxg5 hxg5 49. f6 Ke6 50. Rxc5 Kxf6 51. Rc2 Ke6 52. Re2+ Kd5 53. Rg2 g4 54. Rxg4 Rxa2 1/2-1/2

[Event "EUR-chT Seniors 65"]
[Site "Mali Losinj"]
[Date "2019.09.24"]
[Round "7.1"]
[White "Huss, Andreas"]
[Black "Kolbak, Jens"]
[Result "1/2-1/2"]
[WhiteElo "2261"]
[BlackElo "2173"]
[PlyCount "60"]
[EventDate "2019.09.18"]
[EventType "team-swiss"]
[EventRounds "9"]
[EventCountry "CRO"]
[SourceTitle "EXT 2020"]
[Source "ChessBase"]
[SourceDate "2019.10.17"]
[SourceVersion "1"]
[SourceVersionDate "2019.10.17"]
[SourceQuality "1"]
[WhiteTeam "Switzerland 65"]
[BlackTeam "Denmark SK 2012 65"]
[WhiteTeamCountry "SUI"]
[BlackTeamCountry "DEN"]

1. d4 Nf6 2. c4 e6 3. Nf3 d5 4. Nc3 Be7 5. Bg5 0-0 6. e3 h6 7. Bh4 b6 8. Qb3 Bb7 9. Bxf6 Bxf6 10. cxd5 exd5 11. Rd1 c6 12. Bd3 Na6 13. 0-0 Nc7 14. e4 dxe4 15. Bxe4 Qd6 16. Rfe1 Rad8 17. Qa4 a6 18. Qc2 Nd5 19. Qb3 b5 20. a4 b4 21. Nxd5 cxd5 22. Bd3 a5 23. Bb5 Rc8 24. g3 Rc7 25. Bf1 Bc8 26. Rc1 Be6 27. Rxc7 Qxc7 28. Qe3 Rc8 29. Bd3 Kf8 30. h4 Bd7 1/2-1/2

[Event "EUR-chT Seniors 65"]
[Site "Mali Losinj"]
[Date "2019.09.23"]
[Round "6.1"]
[White "Kolbak, Jens"]
[Black "Rooze, Jan"]
[Result "0-1"]
[WhiteElo "2173"]
[BlackElo "2281"]
[PlyCount "68"]
[EventDate "2019.09.18"]
[EventType "team-swiss"]
[EventRounds "9"]
[EventCountry "CRO"]
[SourceTitle "EXT 2020"]
[Source "ChessBase"]
[SourceDate "2019.10.17"]
[SourceVersion "1"]
[SourceVersionDate "2019.10.17"]
[SourceQuality "1"]
[WhiteTeam "Denmark SK 2012 65"]
[BlackTeam "Belgium 65"]
[WhiteTeamCountry "DEN"]
[BlackTeamCountry "BEL"]

1. d4 Nf6 2. c4 e6 3. Nf3 c5 4. e3 a6 5. Nc3 d5 6. Be2 dxc4 7. Bxc4 Nbd7 8. dxc5 Bxc5 9. a4 Qc7 10. Qe2 b6 11. 0-0 Bb7 12. Bd2 0-0 13. Bb3 Rad8 14. e4 h6 15. Rad1 Nh5 16. Ne1 Nf4 17. Bxf4 Qxf4 18. Nd3 Qg5 19. Nxc5 Nxc5 20. Bc2 a5 21. f4 Qe7 22. e5 Ba6 23. Nb5 Rxd1 24. Rxd1 Rd8 25. Qc4 Rxd1+ 26. Bxd1 Qd7 27. Be2 Qd2 28. Bf1 Bxb5 29. Qxb5 Qe3+ 30. Kh1 Qxf4 31. h3 g6 32. Kg1 Qd4+ 33. Kh1 Nd7 34. b3 Nxe5 0-1

[Event "EU-ch Seniors 65 19th"]
[Site "Rhodes"]
[Date "2019.04.12"]
[Round "7"]
[White "Kolbak, Jens"]
[Black "Birnboim, Nathan"]
[Result "1/2-1/2"]
[WhiteElo "2145"]
[BlackElo "2365"]
[PlyCount "119"]
[EventDate "2019.04.06"]
[EventType "swiss"]
[EventRounds "9"]
[EventCountry "GRE"]
[SourceTitle "CBM 189 Extra"]
[Source "ChessBase"]
[SourceDate "2019.06.03"]
[SourceVersion "1"]
[SourceVersionDate "2019.06.03"]
[SourceQuality "1"]

1. e4 e5 2. Nf3 Nc6 3. Bb5 g6 4. 0-0 Bg7 5. c3 a6 6. Ba4 d6 7. d4 Bd7 8. Bg5 Nge7 9. Re1 h6 10. Be3 0-0 11. Nbd2 Kh7 12. dxe5 dxe5 13. Bc5 b6 14. Ba3 Re8 15. Bb3 Kg8 16. Nc4 b5 17. Ne3 a5 18. Bc5 a4 19. Bc2 Na5 20. b3 Nb7 21. Ba3 Nc8 22. c4 bxc4 23. Nxc4 Nb6 24. Nxb6 cxb6 25. bxa4 Bxa4 26. Bb4 Qxd1 27. Bxd1 Nc5 28. Bxc5 bxc5 29. Bb3 Kf8 30. Rac1 Rec8 31. Nd2 Bxb3 32. axb3 Rab8 33. Kf1 h5 34. Rc3 Rd8 35. Ke2 Rb5 36. Ra1 Rdb8 37. Ra3 Bh6 38. Nc4 Rd8 39. f3 h4 40. Rd3 Rxd3 41. Kxd3 Bf4 42. h3 Rb7 43. Kc2 Rc7 44. Nb6 Rb7 45. Nd5 Bg3 46. Ra8+ Kg7 47. Kc3 Bf2 48. Kc4 Bd4 49. Ra4 Kh6 50. Ra6 Kg5 51. Ra8 Kh6 52. Ra2 Kg7 53. Ra8 Bg1 54. Ra1 Bd4 55. Ra8 Kh6 56. Ra6 Kg7 57. Ra4 Rb8 58. Ra7 Rh8 59. Nc7 Rc8 60. Nd5 1/2-1/2

[Event "DEN-ch Seniors 65+"]
[Site "Odder"]
[Date "2019.02.12"]
[Round "2"]
[White "Kolbak, Jens"]
[Black "Mortensen, Steen Juul"]
[Result "1-0"]
[WhiteElo "2129"]
[BlackElo "1913"]
[PlyCount "41"]
[EventDate "2019.02.11"]
[EventType "swiss"]
[EventRounds "7"]
[EventCountry "DEN"]
[SourceTitle "CBM 189 Extra"]
[Source "ChessBase"]
[SourceDate "2019.06.03"]
[SourceVersion "1"]
[SourceVersionDate "2019.06.03"]
[SourceQuality "1"]

1. e4 e5 2. Nf3 Nc6 3. Bb5 a6 4. Ba4 Nf6 5. Nc3 Be7 6. 0-0 b5 7. Bb3 d6 8. a4 b4 9. Nd5 Nxd5 10. Bxd5 Bb7 11. d4 exd4 12. Nxd4 Qd7 13. Nf5 Bf6 14. c3 bxc3 15. bxc3 Rb8 16. Rb1 0-0 17. Be3 Na5 18. Bd4 Bxd5 19. Bxf6 Rxb1 20. Qg4 Rxf1+ 21. Kxf1 1-0

[Event "DEN-ch Seniors 65+"]
[Site "Odder"]
[Date "2019.02.11"]
[Round "1"]
[White "Hardlei, Kim"]
[Black "Kolbak, Jens"]
[Result "0-1"]
[WhiteElo "1825"]
[BlackElo "2129"]
[PlyCount "54"]
[EventDate "2019.02.11"]
[EventType "swiss"]
[EventRounds "7"]
[EventCountry "DEN"]
[SourceTitle "CBM 189 Extra"]
[Source "ChessBase"]
[SourceDate "2019.06.03"]
[SourceVersion "1"]
[SourceVersionDate "2019.06.03"]
[SourceQuality "1"]

1. e4 e5 2. Nf3 Nc6 3. d4 exd4 4. Nxd4 Nf6 5. Nxc6 bxc6 6. Bd3 d6 7. 0-0 Be7 8. Qe2 0-0 9. e5 dxe5 10. Qxe5 Bd6 11. Qc3 Bd7 12. Nd2 Nd5 13. Qc4 Nf4 14. Be4 Rb8 15. a3 c5 16. Nb3 Bb5 17. Bxh7+ Kxh7 18. Qe4+ f5 19. Qf3 Bxf1 20. Bxf4 Bc4 21. Na5 Bxf4 22. Qxf4 Bb5 23. a4 Be8 24. Nb3 Qd6 25. Qh4+ Kg8 26. Re1 Bf7 27. h3 Rfe8 0-1

[Event "Wch Seniors 65 28th"]
[Site "Bled"]
[Date "2018.11.29"]
[Round "11"]
[White "Henrichsen, Erland"]
[Black "Kolbak, Jens"]
[Result "0-1"]
[WhiteElo "1962"]
[BlackElo "2173"]
[PlyCount "76"]
[EventDate "2018.11.18"]
[EventType "swiss"]
[EventRounds "11"]
[EventCountry "SLO"]
[SourceTitle "EXT 2020"]
[Source "ChessBase"]
[SourceDate "2019.10.17"]
[SourceVersion "1"]
[SourceVersionDate "2019.10.17"]
[SourceQuality "1"]

1. Nf3 Nf6 2. g3 g6 3. Bg2 Bg7 4. 0-0 0-0 5. d3 d5 6. Nbd2 Nc6 7. e4 e5 8. exd5 Nxd5 9. Nc4 Re8 10. Bg5 f6 11. Bd2 Be6 12. Ne3 Qd7 13. Nxd5 Bxd5 14. Qc1 Rad8 15. Bh6 Bh8 16. h4 Ne7 17. Re1 Nf5 18. a4 Qc6 19. Re4 Bxe4 20. dxe4 Nxh6 21. Qxh6 Qxc2 22. h5 Bg7 23. Qe3 Rd3 24. Qe1 Red8 25. Qb4 Rd1+ 26. Rxd1 Rxd1+ 27. Kh2 Bf8 28. Qxb7 Rd8 29. hxg6 hxg6 30. Nh4 Kg7 31. Qxa7 Qc5 32. Qa6 Kf7 33. Qe2 Bh6 34. Qg4 Bg5 35. f4 Bxh4 36. Qxh4 Ke7 37. Bh3 Qf2+ 38. Kh1 Rd1+ 0-1